| 000 | 00966nas a2200313 4500 | ||
|---|---|---|---|
| 001 | BR2011002904 | ||
| 003 | BR-BrBNA | ||
| 005 | 20231205114956.0 | ||
| 007 | ta | ||
| 008 | 230509b bl.|||p| |||| 00| 00por d | ||
| 040 |
_aBR-BrBNA _bpor _cBiblioteca Nacional de Agricultura |
||
| 041 | _a(Pt) | ||
| 072 | _aL73 | ||
| 100 | 1 | _aVaraschin, M.S. | |
| 100 | 1 | _aGuimarães, A.M. | |
| 100 | 1 | _aHirsch, C. | |
| 100 | 1 | _aMesquita, L.P. | |
| 100 | 1 | _aAbreu, C.C. | |
| 100 | 1 | _aRocha, C.M.B.M. | |
| 100 | 1 | _aWouters, F. | |
| 100 | 1 | _aMoreira, M.C. | |
| 245 | 1 | _aFatores associados a soroprevalência de Neospora caninum e Toxoplasma gondii em rebanhos caprinos na região sul de Minas Gerais | |
| 650 | _aCAPRINO | ||
| 650 | _aTOXOPLASMOSE | ||
| 650 | _aNEOSPOROSE | ||
| 773 | 0 |
_tPesquisa Veterinária Brasileira (Brazil) _xISSN 0100-736X _g(Jan 2011), v. 31(1) p. 53-58 _wBR2011002904 |
|
| 909 |
_a202311 _bLúcia _c55 _dLúcia Elande |
||
| 942 |
_2AGRIS _n0 _cANA |
||
| 999 |
_c211506 _d211506 |
||